000 00907nam a2200265 a 4500
001 000023098
005 20200930022003.0
008 101126s2001 sp r 000 | spa d
020 _a8495231131
040 _aDO-SdBNP
_bspa
_cBNPHU
082 _axxx
_bC183p
245 1 3 _aEl camino de las palabras /
_cJuan Diego Ayala Gallardo...[ et al].
260 _aMadrid :
_bInstituto Pío Baroja,
_c2001.
300 _a62 p. :
_bil. ;
_c19 cm.
500 _aEn la portada ACPO, Asociación Colegial de Poetas.
700 1 _aAyala Gallardo, Juan Diego
_947555
700 1 _aBlanco Barrio, Rocío
_947556
700 1 _aMalale Ngonda, Víctor Manuel
_947557
700 1 _aSorribes Rodríguez, Ma Isabel
_947558
700 1 _aGarcía-Rama Pacheco, Conchi
_947559
700 1 _aSánchez Pérez, Ma Sol
_947560
700 1 _aMartín, Salustiano
_947561
700 1 _aMartín, Teodoro Rubio
_947562
049 _aBNGR
999 _c22595
_d22595